书目信息 |
| 题名: |
罪语
|
|
| 作者: | 叶泽 著 | |
| 分册: | ||
| 出版信息: | 北京 作家出版社 2020.09 |
|
| 页数: | 648页 | |
| 开本: | 24cm | |
| 丛书名: | ||
| 单 册: | ||
| 中图分类: | I247.56 | |
| 科图分类: | ||
| 主题词: | 侦探小说--zhen tan xiao shuo--中国--当代 , 长篇小说--chang pian xiao shuo--中国--当代 | |
| 电子资源: | ||
| ISBN: | 978-7-5212-0870-2 | |
| 000 | 01075nam0 2200253 450 | |
| 001 | 202021192589 | |
| 005 | 20211025120136.0 | |
| 010 | @a978-7-5212-0870-2@dCNY59.00 | |
| 100 | @a20210925d2020 em y0chiy50 ea | |
| 101 | 0 | @achi |
| 102 | @aCN@b110000 | |
| 105 | @ay z 000ay | |
| 106 | @ar | |
| 200 | 1 | @a罪语@Azui yu@f叶泽著 |
| 210 | @a北京@c作家出版社@d2020.09 | |
| 215 | @a648页@d24cm | |
| 314 | @a叶泽, 90后悬疑推理小说作者。 | |
| 330 | @a本书为长篇小说。主角通过调查一起起扑朔迷离的案件, 逐渐探知父亲贪污一案的真相, 最后成功帮助父亲洗脱罪名, 可父亲却在被放前被害, 为此, 主角展开了一系列追查计划, 却发现, 其背后操控的力量, 主角无法对抗, 警局有内鬼, 身旁有奸细, 渐渐地, 主角发现, 这起案件, 父亲和自己不过就只是一颗微不足道的棋子, 真正的幕后黑手, 竟是身旁最亲近的人, 在经历一次次黑暗的边缘, 最终, 主角将幕后黑手绳之以法。 | |
| 606 | 0 | @a侦探小说@Azhen tan xiao shuo@y中国@z当代 |
| 606 | 0 | @a长篇小说@Achang pian xiao shuo@y中国@z当代 |
| 690 | @aI247.56@v5 | |
| 701 | 0 | @a叶泽@Aye ze@4著 |
| 801 | 0 | @aCN@c20210909 |
| 905 | @a河南城建学院图书馆@dI247.56@eY467 | |
| 罪语/叶泽著.-北京:作家出版社,2020.09 |
| 648页;24cm |
| ISBN 978-7-5212-0870-2:CNY59.00 |
| 本书为长篇小说。主角通过调查一起起扑朔迷离的案件, 逐渐探知父亲贪污一案的真相, 最后成功帮助父亲洗脱罪名, 可父亲却在被放前被害, 为此, 主角展开了一系列追查计划, 却发现, 其背后操控的力量, 主角无法对抗, 警局有内鬼, 身旁有奸细, 渐渐地, 主角发现, 这起案件, 父亲和自己不过就只是一颗微不足道的棋子, 真正的幕后黑手, 竟是身旁最亲近的人, 在经历一次次黑暗的边缘, 最终, 主角将幕后黑手绳之以法。 |
| ● |
| 相关链接 |
|
|
|
正题名:罪语
索取号:I247.56/Y467
 
预约/预借
| 序号 | 登录号 | 条形码 | 馆藏地/架位号 | 状态 | 备注 |
| 1 | 1541788 | 215417886 | 文学库108/108文学库 46排1列2层/ [索取号:I247.56/Y467] | 在馆 | |
| 2 | 1541789 | 215417895 | 文学库108/108文学库 46排1列5层/ [索取号:I247.56/Y467] | 在馆 | |
| 3 | 1541790 | 215417902 | 文学库108/108文学库 46排1列4层/ [索取号:I247.56/Y467] | 在馆 |